LEADER 00979nam a2200229 i 4500 001 000000191997 003 CaOOAMICUS 005 20100906000000.0 008 100906s1985 it u000 u ita u 013 $a170570 020 $a88-311-5422-2 040 $aSeMil$bita 100 1 $aRonco Valenti, Maria Luigia.$0(OLS)http://semarc/name/70052 245 10$aFrancesca Romana la «Poverella di Trastevere» /$cMaria Luigia Valenti Ronco. 260 $aRoma :$bCittà Nuova,$ccopyr. 1985. 300 $a187 p. ;$c20 cm. 600 04$aFrancesca : Romana .$0(OLS)http://semarc/subject/10487 850 $aSeMil 852 $aSeMil$W1$xVenegono$y1$m3H VI 175$j142573$B142573$CSeMilBibl$Z2$F154128 $81 996 $6020$a88-311-5422-2$9(OLS)http://semarc/number/183156 996 $6245$aFrancesca Romana la «Poverella di Trastevere»$9(OLS)http://semarc/title/276586 996 $6260$aRoma :$bCittà Nuova$9(OLS)http://semarc/publisher/29609 LEADER 01162nam a2200253 i 4500 001 000000080529 003 CaOOAMICUS 005 20220704111737.0 008 171017s1880 it u000 u ita u 013 $a52767 040 $aSeMil$bita 100 1 $aPellion di Persano, Carlo,$d<1806-1883>.$0(OLS)http://semarc/name/91438 245 10$aDiario privato politico militare /$cdell'ammiraglio C. di Persano. 250 $a4. ed. accuratamente riv. ed accresciuta di varie preziose lettere inedite del conte di Cavour. 264 1$aTorino :$bRoux e Favale,$c1880. 300 $a470 p. ;$c21 cm. 500 $aIn testa al front.: Campagna Navale degli anni 1860 e 1861. 650 4$aPellion di Persano, Carlo <1806-1883> - Diari e memorie.$0(OLS)http://semarc/subject/45332 700 1 $aCavour, Camillo Benso .$0(OLS)http://semarc/name/2763 850 $aSeMil 852 $aSeMil$W1$xVenegono$y1$m3S III 72 FA$j45990$B45990$CSeMilBibl$Z2$F48126 $8I 996 $6245$aDiario privato politico militare$9(OLS)http://semarc/title/403975 996 $6264$aTorino :$bRoux e Favale$9(OLS)http://semarc/publisher/56526